000 00715nam a2200181Ia 4500
008 100920s9999 xx 000 0 und d
082 _b102241
_a891.43 न 07
100 _aशर्मा गोपाल.
245 _aसंप्रेषणपरक हिंदी भाषा शिक्षण.
260 _bसाहित्य सहकार,दिल्ली.
_c2007
300 _a160
_bसाधी
365 _b200
520 _aहिंदी.
630 _aसंप्रेषणपरक हिंदी भाषा शिक्षण.
650 _aहिंदी.
730 _aसंप्रेषणपरक हिंदी भाषा शिक्षण.
942 _cBOOK
999 _c742674
_d742671